Quiz sur le tram de Liège - Statistiques

Statistiques générales
  • Ce quiz a été pris 77 fois
    7 depuis la dernière actualisation
  • Le résultat moyen est 8 sur 20
Statistiques - réponses
Question Réponse % Correct
La ligne du tram s'étend de/d'… Sclessin à Coronmeuse
83%
En quelle année le tram a-t-il disparu complètement de la région liégeoise ? 1967
67%
Quelle fût la date de son inauguration ? 28 avril 2025
67%
Quelle est la longueur d'un tram ? 45 m
67%
Quel est le seul pont emprunté par le tram ? Pont Atlas
67%
Quelle est la longueur de la ligne ? 11,7 km
50%
Où si situe le dépôt du tram ? Droixhe
50%
D'où provient la société CAF, responsable de la construction des trams ? Espagne
50%
Combien y a-t-il de stations ? 23
33%
Combien de ponts ont été impacté par les infrastructures de la ligne du tram ? 3
33%
Quel est le poids d'un tram ? 64 tonnes
33%
Un tram compte combien de rames ? 7
33%
À quelle station la future ligne 2 (T2) du tram croisera la première ligne (T1) ? Place Saint-Lambert
33%
Quelle portion de la ligne est enherbée ? 1/3
17%
En quelle année les travaux du tram ont-ils débuté ? 2019
17%
Le projet de la ligne 2 (T2) du tram s'étendra de/d'… Ans à Chênée
17%
Quel événement se déroulant à Liège a eu un impact sur le tracé et les aménagements du tram ? La Batte
17%
Comment est-ce que le premier tram de Liège (1871) était mis en mouvement ? Via des chevaux
17%
Quelle était l'année prévue de son inauguration dans le cadre du premier projet ? 2017
0%
Quelle ville possède un tram très similaire à celui de Liège ? Luxembourg-ville
0%
Aucun quiz correspondant
Distribution des résultats
% des personnes avec chaque résultat
Percentile par nombre de réponses
Votre historique - résultats
Vous n’avez pas pris ce quiz depuis la dernière actualisation